| 000 | 01132nam0a2200277 4500 | ||
|---|---|---|---|
| 001 | RU\NLR\BIBL_A\022785982 | ||
| 005 | 20260420064303.0 | ||
| 010 | _95000 | ||
| 035 | _a(NLR Aleph) 022785982 | ||
| 090 |
_a13690492 _c13690492 |
||
| 100 | _a20260415d1980 m y0rusy50 ca | ||
| 101 | 0 | _atyv | |
| 102 | _aRU | ||
| 105 | _aa ||||||||| | ||
| 200 | 1 |
_aКаттырымзаан чаңы чараш _eшоодуглуг болгаш баштак чугаалар _fВасилий Монгуш |
|
| 210 |
_aКызыл _cТываның ном үндүрер чери _d1980 |
||
| 215 |
_a114 c _cил. _d17 |
||
| 330 | _aВ книге автор с присущей ему иронией юмориста высмеивает людские пороки. | ||
| 541 | 1 |
_aУлыбочка красавицы _eсатирические и юмористические миниатюры _zrus |
|
| 686 | 1 | _aШ6(2=Тув)7-4 | |
| 700 | 1 |
_aМонгуш _bВ. Б.-Х. _gВасилий Бора-Хооевич _4070 |
|
| 852 |
_aNLR _bОНЛ _jТув./2-1019 |
||
| 942 | _cBOOK | ||
| 980 | _aNB | ||
| 980 | _aONL_RF | ||